Géographie Pyramides de mots - Statistiques

Statistiques générales
  • Ce quiz a été pris 139 fois
  • Le résultat moyen est 15 sur 50
Statistiques - réponses
Hint Réponse % Correct
1 Termine l'Italie IE
88%
1 Continent OCEANIE
78%
Portrait Je suis située en {Océanie}
78%
2 Océan PACIFIQUE
72%
Portrait entre les océans (...) et Indien {Pacifique}
72%
5 Rongeur RAT
67%
4 1000 kilos TONNE
67%
6 Premier AS
65%
5 Tête d'Arménie AR
63%
1 Dément NIE
62%
5 Loupé RATE
61%
6 Plusieurs fois 365j ANS
55%
1 Ville de France NICE
53%
1 Image religieuse ICONE
49%
4 Apparu NE
49%
2 Oiseau PIE
45%
6 Organisme qui envoie en l'air NASA
40%
4 Gaz NEON
37%
2 Longueur de disque EP
35%
5 Occira TUERA
35%
5 Habitant de Perth AUSTRALIEN
33%
3 Après le préparatoire CM
31%
3 Organisation du Commerce OMC
28%
4 Il y en a 5 ou 6 ? CONTINENT
25%
2 Etablissement public EPIC
25%
4 Aura NEN
25%
2 Assaisonnai EPICAI
21%
Ma capitale est ... {Canberra}
20%
3 Exercices scolaires abrégés COMPOS
8%
3 Mélangé COMPOSE
8%
Portrait Je me {compose}
8%
2 Apaise PACIFIE
8%
6 Ile TASMANIE
8%
Portrait de l'île de (...) et de petites îles. {Tasmanie}
8%
6 Elles sont aimées AMANTES
6%
3 Marin toulonnais MOCO
6%
6 Souverain malien MANSA
5%
4 Font couler NOIENT
4%
Portrait du {continent} {australien}
3%
3 Tête de magazine COSMO
1%
4 Presqu'île COTENTIN
1%
5 Diplômés LAUREATS
1%
5 Meurtrissure TALURE
1%
4 Viager reportable TONTINE
1%
2 Arbrisseau IPECA
0%
6 Manteaux mayas MANTAS
0%
1 Ville du Léon OENCIA
0%
2 Ennuyai par son laïus PECUFIAI
0%
5 Découla RESULTA
0%
5 Favorable SALUTAIRE
0%
Aucun quiz correspondant
Distribution des résultats
% des personnes avec chaque résultat
Percentile par nombre de réponses
Votre historique - résultats
Vous n’avez pas pris ce quiz